Escuela Profesional para la Mujer de la Diputación Provincial de Barcelona : reglamento provisional reglamento provisional
Descripción Física:
16 p. ; 13 cm
MARC
| LEADER | 00000nam a2200000Ia 4500 | ||
|---|---|---|---|
| 001 | 9372 | ||
| 008 | 160829s9999 xx 000 0 cat d | ||
| 080 | |a FU-2-9 | ||
| 110 | 2 | |a Escola Professional de la Dona |9 52886 | |
| 245 | |a Escuela Profesional para la Mujer de la Diputación Provincial de Barcelona : |b reglamento provisional | ||
| 260 | |a Barcelona : |b [l'Escola], [1947?] | ||
| 300 | |a 16 p. ; |c 13 cm | ||
| 590 | |a Reglament aprovat per acord de la Comissió Gestora en sessió de 10 de setembre de 1947. | ||
| 590 | |a Hi ha un duplicat a: DUP-21-15 | ||
| 650 | |a Escola Professional de la Dona |x Reglaments i procediment |9 24416 | ||
| 901 | |a Arxiu | ||
| 942 | |n 1 | ||
| 952 | |0 0 |1 0 |4 0 |6 FU29 |7 1 |9 43144 |a Arxiu |b Arxiu |d 2016-12-01 |l 0 |o FU-2-9 |p 9372 |r 2016-12-01 00:00:00 |w 2016-12-01 |y ARXIU | ||
| 999 | |c 45688 |d 45688 | ||